000 00410pab a2200145 454500
008 180718b1984 xxu||||| |||| 00| 0 eng d
100 _aBuswell, R.J.
245 _aReconciling the past with the present
_bConservation policy in New castle upon Tyne
260 _c1984
300 _a500-14
362 _aAug.
650 _aArchitecture - Conservation And Restoration - U.K.
773 _aCities
909 _a3986
999 _c3986
_d3986